Marques de voitures par logo #1 - Statistiques

Statistiques générales
  • Ce quiz a été pris 13 586 fois
  • Le résultat moyen est 13 sur 16
Statistiques - réponses
Par images Réponse % Correct
Audi
99%
Mercedes-Benz
99%
Citroën
97%
Renault
97%
Toyota
97%
Honda
94%
Opel
94%
Peugeot
93%
Suzuki
88%
Skoda
87%
Volkswagen
87%
Hyundai
83%
Mitsubishi
75%
Smart
68%
Mclaren
53%
Saturn
9%
Aucun quiz correspondant
Distribution des résultats
% des personnes avec chaque résultat
Percentile par nombre de réponses
Votre historique - résultats
Vous n’avez pas pris ce quiz